Usuwanie azotu i fosforu w ciągłych oraz porcjowych układach oczyszczania ścieków / (Rekord nr 8974)
| 000 -ETYKIETA REKORDU | |
|---|---|
| podpole kontrolne o stałej długości | 00886naa a2200181 i 4500 |
| 001 - NUMER KONTROLNY REKORDU | |
| podpole kontrolne | 8974 |
| 003 - IDENTYFIKATOR NUMERU KONTROLNEGO REKORDU | |
| podpole kontrolne | KOSZ 005 |
| 005 - DATA OSTATNIEJ MODYFIKACJI REKORDU | |
| podpole kontrolne | 20180313102221.0 |
| 008 - POLE O STAŁEJ DŁUGOŚCI - DANE KONTROLNE | |
| podpole kontrolne o stałej długości | 180313s2011 pl f |100 0 pol |
| 040 ## - ŹRÓDŁO KATALOGOWANIA | |
| Instytucja, która utworzyła rekord | KOSZ 005/ HR |
| Instytucja, która sporządziła opis | KOSZ 005/ HR |
| 041 ## - KOD JĘZYKA | |
| Kod języka tekstu | pol |
| 100 1# - NAZWA OSOBOWA | |
| Nazwa osobowa | PIASKOWSKI, Krzysztof. |
| Lata pracy | 1998 - . |
| Instytucja | Politechnika Koszalińska - Wydział Inżynierii Lądowej, Środowiska i Geodezji, |
| Wydział | Katedra Technologii Wody i Ścieków |
| 245 10 - TYTUŁ/ODPOWIEDZIALNOŚĆ | |
| Tytuł | Usuwanie azotu i fosforu w ciągłych oraz porcjowych układach oczyszczania ścieków / |
| Pozostałe elementy strefy tytułu i oznaczenia odpowiedzialności | Krzysztof Piaskowski. |
| 655 #0 - TERMIN INDEKSOWY - OKREŚLENIE RODZAJU/FORMY DOKUMENTU | |
| Określnie rodzaju/formy dokumentu | Materiały konferencyjne. |
| 711 22 - HASŁO DODATKOWE - NAZWA IMPREZY | |
| Nazwa imprezy | Północna Konferencja Firm Komunalnych |
| Oznaczenie części/sekcji dzieła | (2 ; |
| Data imprezy | 2011 ; |
| Miejsce imprezy | Ustka, Polska) |
| 773 0# - TYTUŁ DOKUMENTU MACIERZYSTEGO | |
| Wyrażenie wprowadzające | W : |
| Tytuł | Konferencja „Nowoczesne rozwiązania technologiczne jako fundamentalny czynnik w zakresie gospodarowania przedsiębiorstwami komunalnymi” 12-14.10.2011 Ustka. - |
| 942 ## - HASŁO DODATKOWE - ELEMENTY(KOHA) | |
| Typ dokumentu | Materiały nieopublikowane |
| Schemat klasyfikacji | Uniwersalna klasyfikacja dziesiętna |
Brak dostępnych egzemplarzy.
